| 000 | 00578nam a2200229Ia 4500 | ||
|---|---|---|---|
| 003 | OSt | ||
| 005 | 20220918204712.0 | ||
| 006 | a|||||r|||| 00| 0 | ||
| 007 | ta | ||
| 008 | 220917b |||||||| |||| 00| 0 eng d | ||
| 024 | _a113,760 | ||
| 037 | _cTextual | ||
| 040 |
_aARTS _cARTS _beng |
||
| 041 |
_2eng _aeng |
||
| 082 | _aV58:1wM79, H4 (=) | ||
| 100 |
_aYaroslavsky E _9112783 |
||
| 245 | 0 | _aLandmarks in the life of Stalin | |
| 260 | _c1944 | ||
| 650 | _aHISTORY | ||
| 942 |
_hV58:1wM79, H4 (=) _cTEXL _2CC |
||
| 999 |
_c237091 _d237091 |
||